Kant and the Capacity to Judge (Record no. 9688)

MARC details
000 -LEADER
fixed length control field 00595nam a2200229 a 4500
020 ## - INTERNATIONAL STANDARD BOOK NUMBER
ISBN 0691485
082 00 - DEWEY DECIMAL CLASSIFICATION NUMBER
Classification number 190
Author Cutter LON
100 ## - MAIN ENTRY--AUTHOR NAME
Author name Longuenesse, Beatrice
245 ## - TITLE STATEMENT
Title Kant and the Capacity to Judge
260 ## - PUBLICATION, DISTRIBUTION, ETC. (IMPRINT)
Place of publication Princeton
Name of publisher Princeton University Press
Year of publication 1998
300 ## - PHYSICAL DESCRIPTION
Number of Pages 420p
500 ## - GENERAL NOTE
General note includes index and biblioraphy
505 2# - FORMATTED CONTENTS NOTE
Formatted contents note Bibliography, Index
650 ## - SUBJECT ADDED ENTRY--TOPICAL TERM
Topical Term Philosophy-Modern-Kant
942 ## - ADDED ENTRY ELEMENTS (KOHA)
Koha item type Books
Holdings
Collection code Home library Current library Date acquired Cost, normal purchase price Full call number Accession Number Koha item type
  Henry Martyn Institute Library Henry Martyn Institute Library 06/19/2008 1225.00 190 LON 018953 Books
                   Copyright © 2026 | Henry Martyn Institute | Hyderabad | TS-500052 | INDIA | Implemented by hmi.edu.in
Hit-Count:

Powered by Koha